Normal view
MARC view
Entry Personal Name
001 - CONTROL NUMBER
- control field: 81407
003 - CONTROL NUMBER IDENTIFIER
- control field: dpl
005 - DATE AND TIME OF LATEST TRANSACTION
- control field: 20250527142736.0
008 - FIXED-LENGTH DATA ELEMENTS
- fixed length control field: 250527|| aca||aabn | a|a d
040 ## - CATALOGING SOURCE
- Original cataloging agency: dpl
- Transcribing agency: dpl
100 ## - HEADING--PERSONAL NAME
- Personal name: Peter Frankopan
670 ## - SOURCE DATA FOUND
- Source citation: Work cat.: (dpl)209270: Peter Frankopan, The Earth Transformed:, 2023
